000 00669cab a2200229 4500
001 WB3316-30
008 090401t1997 xxu||||| |||| 00| 0 eng d
035 _a(Sirsi) u77912
041 _aeng
245 _aConstruction shows robust recovery
260 _c1997
350 _a0
490 _aEstates News
_vApril 1997,22(1)
520 _aThere are signs of recovery for the Romanian construction industry. A boom in housing is superseding the decline in industrial construction.
650 _aBUCHAREST
650 _aCONSTRUCTION MARKET
650 _aHOUSING SECTOR
650 _aROMANIA
690 _aOVERSEAS-EUROPE
942 _n0
948 _c23/04/1997
999 _c48995
_d48995